| 000 | 00626nam a2200193 i 4500 | ||
|---|---|---|---|
| 001 | 32568 | ||
| 003 | ES-MaACL | ||
| 005 | 20250808224536.0 | ||
| 007 | t| | ||
| 008 | 030131q1922 sp ||||1| spa d | ||
| 100 | 1 |
_aBerjano Escobar, Daniel. _928034 |
|
| 245 | 1 | 3 |
_aEl pintor Luis de Morales _b: (el divino) / _cpor Daniel Berjano Escobar. |
| 260 |
_aMadrid : _bMateu, _c[1922?] |
||
| 300 |
_a150 p., 33 lám. ; _c24 cm. |
||
| 500 | _a(Obra premiada en el 1er concurso del patronato del Museo del Prado) | ||
| 600 | 1 | 7 |
_aMorales, Luis de, _dca. 1509-1586 _2 _9167351 |
| 852 |
_aES-MaACL _jC-1529 |
||
| 999 |
_c32568 _d32568 |
||